Normal view
MARC view
Entry Personal Name
001 - CONTROL NUMBER
- control field: 43005
003 - CONTROL NUMBER IDENTIFIER
- control field: OSt
005 - DATE AND TIME OF LATEST TRANSACTION
- control field: 20230524205156.0
008 - FIXED-LENGTH DATA ELEMENTS
- fixed length control field: 230524|| aca||aabn | a|a d
040 ## - CATALOGING SOURCE
- Original cataloging agency: OSt
- Transcribing agency: OSt
100 ## - HEADING--PERSONAL NAME
- Personal name: S.K Gupta
670 ## - SOURCE DATA FOUND
- Source citation: Work cat.: (OSt)57951: S.K Gupta, Power System Operation Control & Restructuring, 2015
